| LEADER |
00811nam0a2200205 450 |
| 001 |
16848280 |
| 010 |
|
|
|a 2-85180-568-1
|b Br.
|d 118 F
|
| 100 |
|
|
|a 20010109d2001 u u0frey01 ba
|
| 101 |
0 |
|
|a fre
|
| 102 |
|
|
|a FR
|
| 200 |
0 |
|
|a Gym aquatique
|e 120 exercices
|f Eric Profit, Patrick Lopez
|
| 207 |
|
1 |
|a
|
| 210 |
|
|
|a Paris
|c Amphora
|d 2001
|
| 215 |
|
|
|a 144 p.
|c ill. en coul.
|d 21 x 17 cm
|
| 330 |
|
|
|a Associant gymnastique douce et gymnastique tonique, ce programme propose des exercices pour tout public, que ce soit pour l'entretien, le renforcement musculaire ou la remise en forme.
|
| 700 |
|
0 |
|a Profit
|b Eric
|4 70
|
| 701 |
|
0 |
|a Lopez
|b Patrick
|4 70
|
| 900 |
|
|
|a Documentaire
|
| 901 |
|
|
|a Accessible au prêt
|
| 995 |
|
|
|a Bibliothèque
|c Bibliothèque
|f 00156004677654
|h 00156004677654
|k 797.21 PRO
|o p
|q a
|r az
|e Bibliothèque
|